000 00365 a2200157 4500
001 157058
020 _a9788516100438
040 _cEscola São Tomás de Aquino
100 _aROCHA, Ruth
240 1 0 _aQuem tem medo do novo?
_lpor
245 1 0 _aQuem tem medo do novo?
362 0 _a2015
440 1 _aSalamandra
697 _a*LITERATURA INFANTO
942 _cBK
999 _c157058
_d157058